000 00542nam a22001577a 4500
999 _c6846
_d6846
008 170509b xxu||||| |||| 00| 0 eng d
022 _a0119-9000
082 _aDPer 641.505 C77 Jan-June 2013 v.13-14
100 _920723
_aLeyco, Nazarene A.
245 _aRichmonde hotel, Buvark of authentic Pinoy cuisine/
_cNazarene A. Leyco.
260 _aPhilippines:
_bUBM Medica,
_c©Jan-June 2013.
300 _av14 n1, pages 24-27:
_billustrations;
_c29 cm.
500 _aCook.
650 0 _920724
_aFood
_xFilipino cuisine
942 _2ddc
_cPER